| 000 | 00532nam a22001937a 4500 | ||
|---|---|---|---|
| 003 | KOHA_MİRAKIL | ||
| 005 | 20250930144222.0 | ||
| 008 | 250930b tu ||||| |||| 00| 0 tur d | ||
| 020 | _a9786055290320 | ||
| 040 |
_aTR-AnABB _btur _cTR-AnABB |
||
| 041 | _atur | ||
| 082 |
_a896.3 _bATO 2016 |
||
| 100 | 1 | _aAtogun, Odafe | |
| 245 | 1 | 0 |
_aTaduno'nun şarkısı / _cOdafe Atogun |
| 260 |
_aAnkara : _bYurt Kitap Yayın, _c2016 |
||
| 300 |
_a239 sayfa ; _c20 cm |
||
| 650 | 0 | 4 | _aNijerya edebiyatı, roman |
| 942 |
_2ddc _cBK |
||
| 999 |
_c8980 _d8980 |
||
| 900 | _bGizem YORULMAZ | ||